[Event "32nd ECC Open 2016"]
[Site "Novi Sad SRB"]
[Date "2016.11.08"]
[Round "3.2"]
[Board "4"]
[White "Tomashevsky, Evgeny"]
[Black "Zvjaginsev, Vadim"]
[Result "1/2-1/2"]
[WhiteTitle "GM"]
[BlackTitle "GM"]
[WhiteElo "2722"]
[BlackElo "2675"]
[WhiteTeam "Syberia"]
[BlackTeam "SHSM Legacy Square Moscow"]
[WhiteFideId "4147235"]
[BlackFideId "4113403"]
[EventDate "2016.11.06"]

1. d4 d5 2. c4 e6 3. Nc3 Nf6 4. cxd5 exd5 5. Bg5 c6 6. e3 Be7 7. Bd3 O-O 8. Qc2
Re8 9. Nf3 h6 10. Bf4 Be6 11. h3 c5 12. dxc5 Bxc5 13. O-O Nbd7 14. Rac1 a6 15.
Rfd1 Rc8 16. Qb1 Ba7 17. Bf5 Qe7 18. Ne2 Bxf5 19. Qxf5 g6 20. Qd3 Kg7 21. Rxc8
Rxc8 22. Nc3 g5 23. Bg3 Qe6 24. Nd4 Bxd4 25. Qxd4 Rc4 26. Qd2 Rc5 27. f3 Qc6 28.
Qe1 Qe6 29. Ne2 Qf5 30. Nd4 Qg6 31. Qb4 b6 32. Qa3 h5 33. Qxa6 Ra5 34. Qd3 Rxa2
35. Nf5+ Kh7 36. Qb3 Ra7 37. Ne7 Nc5 38. Qxb6 Rxe7 39. Qxc5 Re6 40. Qd4 g4 41.
Kh2 gxf3 42. gxf3 Rc6 43. Rd2 Rc4 44. Qd3 Qxd3 45. Rxd3 Rc2+ 46. Kg1 Rxb2 47.
Be5 Rb6 48. Kf2 Nd7 49. Rxd5 Nxe5 50. Rxe5 Kg6 51. Kg3 f6 52. Ra5 Rb3 53. e4 Rc3
54. Ra6 Kf7 55. Ra1 Kg6 56. Rg1 Kg5 57. h4+ Kg6 58. Kf4+ Kf7 59. Re1 Kg6 60. Re3
Rc1 61. Ra3 Rh1 62. Kg3 Rg1+ 63. Kf2 Rh1 64. Ra6 Kf7 65. Kg3 Rg1+ 66. Kf4 Rb1
67. Ra3 Kg6 68. Ke3 Rh1 69. Kf2 Kf7 70. Kg2 Re1 71. Ra7+ Kg6 72. Kf2 Rb1 73. Ra6
Kf7 74. Ra7+ Kg6 75. f4 Rb3 76. Ra6 Kf7 77. Ra7+ Kg6 78. f5+ Kh6 79. Ra1 Kg7 80.
Ra7+ Kh6 81. Ra1 1/2-1/2

[Event "32nd ECC Open 2016"]
[Site "Novi Sad SRB"]
[Date "2016.11.08"]
[Round "3.2"]
[Board "5"]
[White "Grachev, Boris"]
[Black "Li, Chao b"]
[Result "1/2-1/2"]
[WhiteTitle "GM"]
[BlackTitle "GM"]
[WhiteElo "2632"]
[BlackElo "2730"]
[WhiteTeam "SHSM Legacy Square Moscow"]
[BlackTeam "Syberia"]
[WhiteFideId "4129199"]
[BlackFideId "8604436"]
[EventDate "2016.11.06"]

1. Nf3 Nf6 2. c4 g6 3. g3 Bg7 4. Bg2 c5 5. O-O O-O 6. d4 cxd4 7. Nxd4 d5 8. cxd5
Nxd5 9. Nc3 Nxc3 10. bxc3 Nc6 11. Nxc6 bxc6 12. Qa4 Bxc3 13. Rb1 Bf5 14. Rb7 Qa5
15. Qxa5 Bxa5 16. Ba3 Rfd8 17. Rxe7 Rd2 18. Bxc6 Rc8 19. Bb7 Rcd8 20. Be4 Bxe4
21. Rxe4 Rxa2 22. Bc5 Bb6 23. Bxb6 axb6 24. Rb1 Rdd2 25. Rxb6 Rxe2 26. Rxe2 Rxe2
27. h4 h5 28. Kg2 Kg7 29. Ra6 Rb2 30. Rc6 Re2 31. Kf3 1/2-1/2

[Event "32nd ECC Open 2016"]
[Site "Novi Sad SRB"]
[Date "2016.11.08"]
[Round "3.2"]
[Board "6"]
[White "Korobov, Anton"]
[Black "Najer, Evgeniy"]
[Result "1/2-1/2"]
[WhiteTitle "GM"]
[BlackTitle "GM"]
[WhiteElo "2689"]
[BlackElo "2683"]
[WhiteTeam "Syberia"]
[BlackTeam "SHSM Legacy Square Moscow"]
[WhiteFideId "14105730"]
[BlackFideId "4118987"]
[EventDate "2016.11.06"]

1. d4 Nf6 2. c4 g6 3. Nc3 d5 4. cxd5 Nxd5 5. e4 Nxc3 6. bxc3 Bg7 7. Nf3 c5 8.
Be3 Qa5 9. Nd2 Bd7 10. Rb1 cxd4 11. cxd4 Nc6 12. Rb5 Qc3 13. Rb3 Qa5 14. Rb5 Qc3
15. Rb3 Qa5 1/2-1/2

[Event "32nd ECC Open 2016"]
[Site "Novi Sad SRB"]
[Date "2016.11.08"]
[Round "3.3"]
[Board "1"]
[White "Ivanchuk, Vassily"]
[Black "Van Wely, Loek"]
[Result "1/2-1/2"]
[WhiteTitle "GM"]
[BlackTitle "GM"]
[WhiteElo "2733"]
[BlackElo "2685"]
[WhiteTeam "Ashdod"]
[BlackTeam "Schachgesellschaft Zurich"]
[WhiteFideId "14100010"]
[BlackFideId "1000268"]
[EventDate "2016.11.06"]

1. e4 c5 2. Nf3 d6 3. d4 cxd4 4. Nxd4 Nf6 5. Nc3 a6 6. Be2 e6 7. Be3 Be7 8. f4
O-O 9. Qd2 Nc6 10. O-O-O Qc7 11. g4 Nxd4 12. Qxd4 e5 13. Qd3 exf4 14. Bxf4 Bxg4
15. Bxg4 Nxg4 16. Nd5 Qd8 17. Rhg1 Ne5 18. Bxe5 dxe5 19. Qg3 g6 20. Qxe5 Bh4 21.
Qf4 Rc8 22. Rd3 Kh8 23. Qh6 Re8 24. Qf4 Rc4 25. Qxf7 Rcxe4 26. c3 Qa5 27. Kb1
Qa4 28. Re3 Rxe3 29. Nxe3 Qe4+ 30. Nc2 Rd8 31. Rf1 Qd5 32. Nd4 Qxf7 33. Rxf7 1/2-1/2

[Event "32nd ECC Open 2016"]
[Site "Novi Sad SRB"]
[Date "2016.11.08"]
[Round "3.3"]
[Board "2"]
[White "Bauer, Christian"]
[Black "Vallejo Pons, Francisco"]
[Result "1/2-1/2"]
[WhiteTitle "GM"]
[BlackTitle "GM"]
[WhiteElo "2632"]
[BlackElo "2716"]
[WhiteTeam "Schachgesellschaft Zurich"]
[BlackTeam "Ashdod"]
[WhiteFideId "603767"]
[BlackFideId "2205530"]
[EventDate "2016.11.06"]

1. c4 c6 2. Nc3 d5 3. e3 Nf6 4. d4 a6 5. Nf3 Bf5 6. Bd3 Bxd3 7. Qxd3 e6 8. O-O
Bb4 9. Bd2 Bxc3 10. Bxc3 O-O 11. Rfc1 Nbd7 12. a4 Re8 13. a5 Ne4 14. Be1 Nd6 15.
Nd2 Qg5 16. Qa3 Nf5 17. Nf3 Qg6 18. Qd3 e5 19. dxe5 Nxe5 20. Nxe5 Rxe5 21. Rd1
Rae8 22. h3 h5 23. cxd5 Rxd5 24. Qc4 Red8 25. Rxd5 Rxd5 26. Qe4 Kh7 27. Bc3 Nd6
28. Qxg6+ Kxg6 29. Kf1 Ne4 30. Be1 Nd2+ 31. Ke2 Nb3 32. Ra4 Nc1+ 33. Kf3 Nd3 34.
Bc3 Rb5 35. g4 1/2-1/2

[Event "32nd ECC Open 2016"]
[Site "Novi Sad SRB"]
[Date "2016.11.08"]
[Round "3.3"]
[Board "4"]
[White "Studer, Noel"]
[Black "Volokitin, Andrei"]
[Result "1/2-1/2"]
[WhiteTitle "IM"]
[BlackTitle "GM"]
[WhiteElo "2436"]
[BlackElo "2668"]
[WhiteTeam "Schachgesellschaft Zurich"]
[BlackTeam "Ashdod"]
[WhiteFideId "1319620"]
[BlackFideId "14107090"]
[EventDate "2016.11.06"]

1. Nf3 c5 2. c4 Nf6 3. d4 cxd4 4. Nxd4 Nc6 5. Nc3 e6 6. Bf4 d5 7. e3 Bb4 8. Nxc6
bxc6 9. Qa4 Qb6 10. Bd3 Nd7 11. Qc2 Nc5 12. Be2 O-O 13. O-O Ba6 14. b3 dxc4 15.
bxc4 Qa5 16. Ne4 Nxe4 17. Qxe4 Bc3 18. Rac1 Bf6 19. Rc2 c5 20. Rb1 Rfd8 21. g4
Rac8 22. h4 Bxh4 23. g5 Rd2 24. Kg2 Rxc2 25. Qxc2 e5 26. Bxe5 Bxg5 27. f4 Be7
28. Bf3 Rd8 29. Bd5 Bxc4 30. Qxc4 Qd2+ 31. Kf3 Rxd5 32. Qe4 Bf8 33. Rh1 h6 34.
Rg1 Rd8 35. f5 Qd5 36. Qxd5 Rxd5 37. Ke4 Rd2 38. Bxg7 Bxg7 39. f6 c4 40. Rxg7+
Kf8 41. Rh7 Ke8 42. Rxh6 Kd7 43. Rh7 Ke6 44. Rh5 Rxa2 45. Rc5 Ra4 46. Rc6+ Kd7
47. Rc5 Kd6 48. Rc8 a5 49. Kd4 Ke6 50. Rc6+ Kf5 51. e4+ Kg6 52. e5 c3+ 53. Kd5
Ra1 54. Rxc3 Rd1+ 55. Ke4 Re1+ 56. Kf4 Rf1+ 57. Ke4 Re1+ 1/2-1/2

[Event "32nd ECC Open 2016"]
[Site "Novi Sad SRB"]
[Date "2016.11.08"]
[Round "3.3"]
[Board "5"]
[White "Moiseenko, Alexander"]
[Black "Vogt, Lothar"]
[Result "1/2-1/2"]
[WhiteTitle "GM"]
[BlackTitle "GM"]
[WhiteElo "2650"]
[BlackElo "2409"]
[WhiteTeam "Ashdod"]
[BlackTeam "Schachgesellschaft Zurich"]
[WhiteFideId "14102560"]
[BlackFideId "4611292"]
[EventDate "2016.11.06"]

1. d4 Nf6 2. Bg5 Ne4 3. Bf4 c5 4. f3 Qa5+ 5. c3 Nf6 6. d5 Qb6 7. e4 Qxb2 8. Nd2
Qxc3 9. Bc7 d6 10. Rb1 Nfd7 11. Ne2 Qf6 12. Ba5 e5 13. dxe6 fxe6 14. Nc4 Nc6 15.
Bc3 e5 16. Ng3 Nd4 17. Ne3 Nb6 18. a4 Bd7 19. a5 Na4 20. Bd2 b5 21. axb6 Nxb6
22. Bd3 g6 23. O-O Bg7 24. Ba5 O-O 25. Bxb6 axb6 26. Rxb6 Rfb8 27. Bc4+ Kh8 28.
Nd5 Qf8 29. Ne2 Be6 30. Nec3 Rxb6 31. Nxb6 Bxc4 32. Nxc4 Qb8 33. Nd5 Bf8 34. Qd3
Qb3 35. Qxb3 Nxb3 36. Rb1 Ra1 37. Rxa1 Nxa1 38. Nc7 Kg8 39. Nb5 Kf7 40. Nbxd6+
Bxd6 41. Nxd6+ Ke6 42. Nc4 Nc2 43. Kf2 Nd4 44. Ke3 Nb5 45. Kd3 g5 46. Nb6 h5 47.
Kc4 Nd6+ 48. Kxc5 g4 49. Nd5 gxf3 50. gxf3 Nf7 51. h4 Nh8 52. Ne3 Ng6 53. Nf5
Nf4 54. Kc4 Kf6 55. Kc3 Ng2 56. Kd3 Nf4+ 57. Ke3 Ng2+ 58. Kf2 Nf4 59. Ne3 Ke6
60. Kg3 Ne2+ 61. Kg2 Nf4+ 62. Kf2 Ng6 63. Kg3 Nf4 64. Ng2 Ne2+ 65. Kf2 Nd4 66.
Ne3 Kf6 67. Nd5+ Ke6 68. Ke3 Nc2+ 69. Ke2 Nd4+ 70. Kf2 Nc2 71. Nc3 Nb4 72. Ke2
Nc2 73. Nd5 Nd4+ 74. Kf2 Nb3 75. Ke3 Na5 76. Nb6 Nc6 77. Nd5 Na5 78. f4 Nc4+ 79.
Kd3 Nd6 80. Nc7+ Kf6 81. Nd5+ Ke6 82. Ke3 Nc4+ 83. Ke2 exf4 84. Nxf4+ Ke5 85.
Nxh5 Kxe4 86. Ng3+ Kf4 87. h5 Kxg3 88. h6 Nd6 89. h7 Nf7 1/2-1/2

[Event "32nd ECC Open 2016"]
[Site "Novi Sad SRB"]
[Date "2016.11.08"]
[Round "3.3"]
[Board "6"]
[White "Rosenthal, Jonathan"]
[Black "Georgiev, Kiril"]
[Result "0-1"]
[WhiteTitle "FM"]
[BlackTitle "GM"]
[WhiteElo "2333"]
[BlackElo "2621"]
[WhiteTeam "Schachgesellschaft Zurich"]
[BlackTeam "Ashdod"]
[WhiteFideId "1315684"]
[BlackFideId "2900017"]
[EventDate "2016.11.06"]

1. d4 Nf6 2. c4 e6 3. Nc3 Bb4 4. Qc2 d5 5. cxd5 Qxd5 6. e3 c5 7. Bd2 Bxc3 8.
Bxc3 cxd4 9. Bxd4 Nc6 10. Bxf6 gxf6 11. Ne2 Bd7 12. Nc3 Nb4 13. Qb1 Qa5 14. a3
Nd5 15. b4 Nxc3 16. bxa5 Nxb1 17. Rxb1 O-O-O 18. Be2 Bc6 19. f3 a6 20. Kf2 Rd5
21. Rhc1 Rxa5 22. Rc3 Rd8 23. Rb2 Kd7 24. Rb6 Kc7 25. Rb2 Rdd5 26. Rbc2 Kd6 27.
Rb2 Rac5 28. Rcb3 Rc1 29. Rb4 Rh5 30. h3 Ke7 31. f4 Rhc5 32. Bf3 R1c2+ 33. Rxc2
Rxc2+ 34. Kg3 b5 35. f5 Bxf3 36. Kxf3 Rc4 0-1

[Event "32nd ECC Open 2016"]
[Site "Novi Sad SRB"]
[Date "2016.11.08"]
[Round "3.4"]
[Board "1"]
[White "Sjugirov, Sanan"]
[Black "Harikrishna, Pentala"]
[Result "1-0"]
[WhiteTitle "GM"]
[BlackTitle "GM"]
[WhiteElo "2664"]
[BlackElo "2768"]
[WhiteTeam "Zhiguli"]
[BlackTeam "AVE Novy Bor"]
[WhiteFideId "4189302"]
[BlackFideId "5007003"]
[EventDate "2016.11.06"]

1. d4 Nf6 2. c4 e6 3. Nf3 d5 4. Nc3 c6 5. e3 Nbd7 6. Bd3 dxc4 7. Bxc4 b5 8. Bd3
Bd6 9. O-O O-O 10. Bd2 Bb7 11. Rc1 Rc8 12. a3 a5 13. e4 e5 14. dxe5 Nxe5 15.
Nxe5 Bxe5 16. Qe2 Re8 17. Rfd1 Qe7 18. f3 Nd7 19. f4 Bd4+ 20. Be3 Bxe3+ 21. Qxe3
f6 22. e5 Qc5 23. Nd5 Qxe3+ 24. Nxe3 Nf8 25. Nf5 Rb8 26. Nd6 Re7 27. Bb1 h5 28.
Ba2+ Kh7 29. exf6 gxf6 30. Rc5 Bc8 31. Rxh5+ Kg6 32. Rh8 Bg4 33. Rg8+ Rg7 34.
Bb1+ f5 35. Rxg7+ Kxg7 36. Nxf5+ Bxf5 37. Bxf5 c5 38. Rd5 c4 39. Rc5 Kf6 40. g4
Ke7 41. Kf2 Kd6 42. Rc8 Rxc8 43. Bxc8 Ng6 44. Ke3 b4 45. axb4 axb4 46. Bf5 Ne7
47. Be4 Kc5 48. f5 Nc8 49. f6 Kd6 50. g5 Nb6 51. g6 Nd7 52. f7 Ke7 53. Bd5 Nb6
54. Be6 Kf8 55. h4 c3 56. bxc3 bxc3 57. h5 1-0

[Event "32nd ECC Open 2016"]
[Site "Novi Sad SRB"]
[Date "2016.11.08"]
[Round "3.4"]
[Board "2"]
[White "Wojtaszek, Radoslaw"]
[Black "Oparin, Grigoriy"]
[Result "1-0"]
[WhiteTitle "GM"]
[BlackTitle "GM"]
[WhiteElo "2744"]
[BlackElo "2621"]
[WhiteTeam "AVE Novy Bor"]
[BlackTeam "Zhiguli"]
[WhiteFideId "1118358"]
[BlackFideId "24125890"]
[EventDate "2016.11.06"]

1. d4 Nf6 2. c4 e6 3. g3 d5 4. Bg2 Be7 5. Nf3 O-O 6. O-O dxc4 7. Qc2 b6 8. Bg5
Nd5 9. Bxe7 Qxe7 10. Qxc4 Bb7 11. Nc3 c5 12. dxc5 Rc8 13. c6 Nxc6 14. Nxd5 exd5
15. Qxd5 Na5 16. Qh5 Rc5 17. Qh3 g6 18. b4 Rh5 19. Qg4 Nc6 20. Rab1 Ne5 21. Nxe5
Rxe5 22. Bxb7 Qxb7 23. e3 a5 24. Rfd1 h5 25. Qe2 axb4 26. Rxb4 Rea5 27. Rd2 Qc6
28. Rc4 Qe6 29. Kg2 b5 30. Rcc2 b4 31. Rb2 Ra3 32. Rxb4 Rxa2 33. Rxa2 Rxa2 34.
Qf3 Kg7 35. Rf4 Ra5 36. Rd4 Rc5 37. e4 Qf6 38. Qe3 Rc2 39. Rd2 Rc3 40. Rd3 Rc4
41. Rd5 Rc3 42. Qe2 h4 43. Rd3 Qa6 44. Re3 Qxe2 45. Rxe2 hxg3 46. hxg3 Kf6 47.
Ra2 Ke5 48. Ra4 Rc2 49. Kf3 Rb2 50. Ra5+ Ke6 51. Ke3 Kf6 52. f3 Rb3+ 53. Kf4 Kg7
54. e5 Rb4+ 55. Kg5 Rb3 56. Kg4 Rb7 57. Ra6 Re7 58. f4 Re8 59. Kg5 Re7 60. Rf6
Re8 61. Rb6 Re7 62. Ra6 Re8 63. g4 Re7 64. Kh4 Rb7 65. Ra5 Kh6 66. Ra6 Kg7 67.
Rc6 Ra7 68. Kg5 Re7 69. Rc5 Re6 70. Kh4 Ra6 71. Rc7 Rb6 72. Kg5 Re6 73. Kh4 Rb6
74. f5 gxf5 75. gxf5 Rb5 76. Re7 Kf8 77. f6 Rb1 78. Ra7 Kg8 79. Ra8+ Kh7 80. e6 1-0

[Event "32nd ECC Open 2016"]
[Site "Novi Sad SRB"]
[Date "2016.11.08"]
[Round "3.4"]
[Board "3"]
[White "Predke, Alexandr"]
[Black "Shirov, Alexei"]
[Result "1-0"]
[WhiteTitle "GM"]
[BlackTitle "GM"]
[WhiteElo "2579"]
[BlackElo "2677"]
[WhiteTeam "Zhiguli"]
[BlackTeam "AVE Novy Bor"]
[WhiteFideId "24107581"]
[BlackFideId "2209390"]
[EventDate "2016.11.06"]

1. e4 e6 2. d4 d5 3. Nc3 Nf6 4. e5 Nfd7 5. f4 c5 6. Nf3 Nc6 7. Be3 Be7 8. Qd2
O-O 9. Be2 b6 10. h4 f6 11. dxc5 Nxc5 12. Bb5 Bb7 13. exf6 Bxf6 14. Bxc6 Bxc6
15. Bd4 Ne4 16. Qe3 Ng3 17. Rh3 Nf5 18. Qxe6+ Kh8 19. Qxc6 Bxd4 20. O-O-O Be3+
21. Kb1 d4 22. Qe4 Qe8 23. Qxe8 Raxe8 24. Ne2 Nh6 25. Nfxd4 Ng4 26. Rf1 Bxd4 27.
Nxd4 Ne3 28. Rg1 Rxf4 29. c3 h5 30. Re1 Rfe4 31. Re2 Nd5 32. Rxe4 Rxe4 33. Kc2
Nf4 34. Rg3 g6 35. Kd2 Re5 36. a4 Kg7 37. b4 a5 38. b5 Kh6 39. Kc2 Ne2 40. Rd3
Nf4 41. Rf3 Nxg2 42. Rf6 Ne3+ 43. Kb3 Rc5 44. Rc6 Nd5 45. Ne6 Rxc6 46. bxc6 g5
47. hxg5+ Kh7 48. Nf4 Nc7 49. c4 h4 50. c5 1-0

[Event "32nd ECC Open 2016"]
[Site "Novi Sad SRB"]
[Date "2016.11.08"]
[Round "3.4"]
[Board "5"]
[White "Geller, Jakov"]
[Black "Laznicka, Viktor"]
[Result "1-0"]
[WhiteTitle "GM"]
[BlackTitle "GM"]
[WhiteElo "2488"]
[BlackElo "2664"]
[WhiteTeam "Zhiguli"]
[BlackTeam "AVE Novy Bor"]
[WhiteFideId "4151984"]
[BlackFideId "316385"]
[EventDate "2016.11.06"]

1. e4 c6 2. Nc3 d5 3. Nf3 Bg4 4. h3 Bxf3 5. Qxf3 e6 6. Be2 Nf6 7. O-O Bc5 8. d3
Nbd7 9. Qg3 O-O 10. Bf3 Bd4 11. exd5 cxd5 12. Ne2 Be5 13. Qh4 Qc7 14. c3 b5 15.
a4 a6 16. Be3 Bd6 17. axb5 axb5 18. Nd4 Rab8 19. Be2 Ne5 20. f4 Ng6 21. Qf2 Rfe8
22. Ra6 Rb7 23. Bd1 Ne7 24. g3 Nd7 25. b4 Nb8 26. Ra3 Nbc6 27. Nb3 Nf5 28. d4 g5
29. Nc5 Ra7 30. Rxa7 Qxa7 31. Bd2 gxf4 32. Bxf4 Bxf4 33. Qxf4 Nce7 34. h4 Ng6
35. Qf2 Qc7 36. h5 Nf8 37. Kg2 Nd6 38. Bc2 e5 39. Qf6 Qe7 40. dxe5 Qxe5 41. Bd3
Qxf6 42. Rxf6 Ne6 43. h6 Nxc5 44. bxc5 Ne4 45. Rf5 Kf8 46. Rxd5 Nxc3 47. Rd7 Re6
48. Rd6 Re5 49. c6 Ke7 50. Rd7+ Kf6 51. Bxh7 Rc5 52. Bd3 Rxc6 53. Rd8 Ke7 54. h7
Kxd8 55. h8=Q+ Ke7 56. Qe5+ Kf8 57. Bf5 f6 58. Qd4 1-0

[Event "32nd ECC Open 2016"]
[Site "Novi Sad SRB"]
[Date "2016.11.08"]
[Round "3.4"]
[Board "6"]
[White "Sasikiran, Krishnan"]
[Black "Brodsky, Michail"]
[Result "1/2-1/2"]
[WhiteTitle "GM"]
[BlackTitle "GM"]
[WhiteElo "2654"]
[BlackElo "2523"]
[WhiteTeam "AVE Novy Bor"]
[BlackTeam "Zhiguli"]
[WhiteFideId "5004985"]
[BlackFideId "14100932"]
[EventDate "2016.11.06"]

1. e4 c5 2. Nf3 Nc6 3. Bb5 g6 4. Bxc6 bxc6 5. O-O Bg7 6. Re1 Nf6 7. e5 Nd5 8. c4
Nc7 9. d4 cxd4 10. Qxd4 Ne6 11. Qh4 d6 12. exd6 Qxd6 13. Nc3 h5 14. Bd2 O-O 15.
Ne4 Qc7 16. Bc3 f6 17. Qg3 Qxg3 18. hxg3 Rd8 19. Ba5 Rd3 20. Rad1 Rd7 21. Nc3
Rb8 22. b4 Rxd1 23. Rxd1 Ba6 24. b5 cxb5 25. cxb5 Bb7 26. Nd4 Nxd4 27. Rxd4 f5
28. Rd7 Kf7 29. Bb4 Bf6 30. a4 a6 31. Rc7 axb5 32. axb5 Be4 33. Nxe4 fxe4 1/2-1/2

[Event "32nd ECC Open 2016"]
[Site "Novi Sad SRB"]
[Date "2016.11.08"]
[Round "3.5"]
[Board "1"]
[White "Andreikin, Dmitry"]
[Black "Howell, David W L"]
[Result "1/2-1/2"]
[WhiteTitle "GM"]
[BlackTitle "GM"]
[WhiteElo "2736"]
[BlackElo "2655"]
[WhiteTeam "Alkaloid"]
[BlackTeam "Cheddleton"]
[WhiteFideId "4158814"]
[BlackFideId "410608"]
[EventDate "2016.11.06"]

1. e4 e5 2. Nf3 Nc6 3. Bb5 Nf6 4. O-O Nxe4 5. Re1 Nd6 6. Nxe5 Be7 7. Bf1 Nxe5 8.
Rxe5 O-O 9. d4 Bf6 10. Re1 Re8 11. Bf4 Rxe1 12. Qxe1 Ne8 13. c3 d5 14. Bd3 g6
15. Nd2 Ng7 16. Qe2 c6 17. Re1 Qf8 18. Nb3 b6 19. Nd2 Bd7 20. Nf3 Bg4 21. Qe3
Bxf3 22. Qxf3 Re8 23. Re3 Rxe3 24. Bxe3 Qd8 25. g3 Bg5 26. h4 Bxe3 27. Qxe3 Qd6
28. Bf1 Kf8 29. Qh6 Kg8 30. Bh3 Nh5 31. Qe3 Kf8 32. Qh6+ Kg8 33. Qg5 Kf8 34. Qg4
f5 35. Qg5 Nf6 36. h5 Kf7 37. hxg6+ 1/2-1/2

[Event "32nd ECC Open 2016"]
[Site "Novi Sad SRB"]
[Date "2016.11.08"]
[Round "3.5"]
[Board "2"]
[White "Hamitevici, Vladimir"]
[Black "Eljanov, Pavel"]
[Result "0-1"]
[WhiteTitle "IM"]
[BlackTitle "GM"]
[WhiteElo "2484"]
[BlackElo "2757"]
[WhiteTeam "Cheddleton"]
[BlackTeam "Alkaloid"]
[WhiteFideId "13902393"]
[BlackFideId "14102951"]
[EventDate "2016.11.06"]

1. Nf3 c5 2. g3 Nc6 3. c4 e5 4. Nc3 g6 5. Bg2 Bg7 6. O-O d6 7. d3 Nge7 8. a3 O-O
9. Rb1 a5 10. Ne1 Be6 11. Nd5 Rb8 12. Nxe7+ Qxe7 13. Nc2 Qd7 14. b4 cxb4 15.
axb4 b5 16. cxb5 Rxb5 17. Bd2 Rfb8 18. Na3 Rxb4 19. Bxb4 axb4 20. Qa4 d5 21.
Rfc1 Rb6 22. e4 Bh6 23. Rc5 Bf8 24. Qa8 Kg7 25. Rb5 Rxb5 26. Nxb5 dxe4 27. Bxe4
Nd4 28. Nxd4 Qxd4 29. Qa1 b3 30. Qxd4 exd4 31. Bc6 Ba3 32. Ba4 b2 33. Bc2 Kf6
34. Re1 Bb4 35. Re4 Ba2 36. Rxd4 Bc5 37. Rf4+ Kg7 38. Rc4 Bxc4 39. dxc4 Kf6 40.
Kf1 Ke5 41. Ke2 Kd4 42. g4 Kxc4 43. f4 Bd6 44. Ke3 Be7 45. Bb1 Bh4 46. Ke2 Kc3
47. Be4 Bd8 48. Bb1 Kd4 49. Kf3 Kd5 50. Ke3 Ke6 51. Ba2+ Kf6 52. Bb1 Bb6+ 53.
Kf3 Kg7 54. h3 Bd8 55. Ke4 Bh4 56. Kf3 Kf6 57. Ke4 Ke6 58. Ba2+ Ke7 59. Bb1 Kd6
60. Ke3 Kc5 61. Bc2 Kc4 62. Bb1 Kc3 63. Ke2 Bg3 64. f5 Bh4 65. Ke3 Bg5+ 66. Ke2
Kd4 67. Bc2 Ke5 68. Kf3 Bh4 69. Bb1 Be1 70. Bc2 Kf6 71. Bb1 Kg5 72. Bc2 Kh4 73.
Kg2 g5 74. f6 h6 75. Bb1 Bc3 76. Bc2 Bxf6 77. Bb1 Be5 78. Bf5 h5 79. gxh5 Kxh5
80. Kf3 Kh4 81. Kg2 Kh5 82. Kf3 Bc7 83. Kg2 Kh6 84. Kf3 Kg7 85. Kg4 Kf6 86. Bh7
Bd8 87. Bb1 Ke5 88. Bh7 Kd4 89. Kf3 Ba5 90. Bb1 Be1 91. Bh7 Kc3 92. Ke2 Bh4 93.
Bb1 Kb3 94. Ke3 f5 95. Kd4 0-1

[Event "32nd ECC Open 2016"]
[Site "Novi Sad SRB"]
[Date "2016.11.08"]
[Round "3.5"]
[Board "3"]
[White "Jakovenko, Dmitry"]
[Black "Williams, Simon K"]
[Result "1-0"]
[WhiteTitle "GM"]
[BlackTitle "GM"]
[WhiteElo "2709"]
[BlackElo "2444"]
[WhiteTeam "Alkaloid"]
[BlackTeam "Cheddleton"]
[WhiteFideId "4122356"]
[BlackFideId "404454"]
[EventDate "2016.11.06"]

1. d4 e6 2. Nf3 f5 3. g3 Nf6 4. Bg2 g6 5. O-O Bg7 6. c4 O-O 7. Nc3 d6 8. Re1 Ne4
9. Qc2 Nxc3 10. bxc3 e5 11. e4 f4 12. gxf4 exf4 13. Ba3 g5 14. e5 g4 15. Nd2 f3
16. Bf1 Bh6 17. Ne4 Bf5 18. Qb3 Nd7 19. c5+ Kh8 20. cxd6 g3 21. Nxg3 Qh4 22.
dxc7 Rg8 23. Qxb7 Qg4 24. e6 Nf6 25. Bd6 Bf4 26. Bxf4 Qxf4 27. Qb5 1-0

[Event "32nd ECC Open 2016"]
[Site "Novi Sad SRB"]
[Date "2016.11.08"]
[Round "3.5"]
[Board "4"]
[White "Eggleston, David J"]
[Black "Yu, Yangyi"]
[Result "0-1"]
[WhiteTitle "IM"]
[BlackTitle "GM"]
[WhiteElo "2413"]
[BlackElo "2721"]
[WhiteTeam "Cheddleton"]
[BlackTeam "Alkaloid"]
[WhiteFideId "412120"]
[BlackFideId "8603820"]
[EventDate "2016.11.06"]

1. e4 c5 2. Nf3 d6 3. d4 cxd4 4. Nxd4 Nf6 5. Nc3 a6 6. Be3 e5 7. Nb3 Be7 8. f3
Be6 9. Qd2 O-O 10. O-O-O Nbd7 11. g4 b5 12. g5 Nh5 13. Kb1 Nb6 14. Nd5 Nxd5 15.
exd5 Bf5 16. Na5 f6 17. Nc6 Qd7 18. gxf6 Bxf6 19. Ka1 Kh8 20. c4 bxc4 21. Bxc4
Bh4 22. Qa5 Bh3 23. Bxa6 Bg2 24. Rhg1 Bxf3 25. Rdf1 Qh3 26. Ba7 Qxh2 27. Qc7 Ng3
28. Nb8 e4 29. Bd4 Bf6 30. Bxf6 gxf6 31. Bc8 Rxb8 32. Qxb8 Nxf1 33. Rxf1 Bg4 34.
Rc1 Qf4 0-1

[Event "32nd ECC Open 2016"]
[Site "Novi Sad SRB"]
[Date "2016.11.08"]
[Round "3.5"]
[Board "5"]
[White "Kryvoruchko, Yuriy"]
[Black "Fodor, Tamas Jr."]
[Result "1-0"]
[WhiteTitle "GM"]
[BlackTitle "GM"]
[WhiteElo "2702"]
[BlackElo "2493"]
[WhiteTeam "Alkaloid"]
[BlackTeam "Cheddleton"]
[WhiteFideId "14109182"]
[BlackFideId "723762"]
[EventDate "2016.11.06"]

1. e4 e6 2. d4 d5 3. Nc3 Bb4 4. e5 Ne7 5. a3 Bxc3+ 6. bxc3 c5 7. Qg4 Qc7 8. Qxg7
Rg8 9. Qxh7 cxd4 10. Ne2 Nbc6 11. f4 dxc3 12. h4 Bd7 13. h5 O-O-O 14. Qd3 Nf5
15. Rg1 Nh6 16. Qxc3 Ng4 17. Bb2 Qb6 18. Nd4 f6 19. exf6 Rdf8 20. O-O-O Nxf6 21.
h6 Rg6 22. Rh1 Qc7 23. Bd3 Rxg2 24. h7 Nxh7 25. Rxh7 Qxf4+ 26. Kb1 Qxd4 27. Qxd4
Nxd4 28. Bxd4 a6 29. Rdh1 b5 30. Re7 Re8 31. Rf7 e5 32. Rhh7 1-0

[Event "32nd ECC Open 2016"]
[Site "Novi Sad SRB"]
[Date "2016.11.08"]
[Round "3.5"]
[Board "6"]
[White "Steil-Antoni, Fiona"]
[Black "Pancevski, Filip"]
[Result "0-1"]
[WhiteTitle "WIM"]
[BlackTitle "IM"]
[WhiteElo "2141"]
[BlackElo "2503"]
[WhiteTeam "Cheddleton"]
[BlackTeam "Alkaloid"]
[WhiteFideId "4001249"]
[BlackFideId "15002187"]
[EventDate "2016.11.06"]

1. e4 d6 2. d4 Nf6 3. Bd3 e5 4. c3 Nc6 5. Nf3 g6 6. h3 Bg7 7. O-O O-O 8. Re1 Re8
9. Na3 h6 10. Nc2 a6 11. a4 Nh5 12. a5 Qf6 13. Ne3 exd4 14. Nd5 Qd8 15. cxd4
Nxd4 16. Nxd4 Bxd4 17. Bxh6 c6 18. Nc3 Qf6 19. Qd2 Be6 20. g4 Qh4 21. gxh5 Qg3+
22. Kh1 Qxh3+ 23. Kg1 Qg4+ 24. Kf1 Qxh5 25. Qg5 Qf3 26. Qg3 Bh3+ 0-1